000 00752nam a2200205Ia 4500
001 12679
003 GE_BSU
008 181216s||||||||xx |||||||||||||| ||und||
040 _cGE_BSU
080 _a632
100 _aБерезина,В.М. Глебов,М.А. Иванова,Н.А.
245 _aВредители и болезни полезащитных лесных насаждении и меры борьбы с ними
245 _cПод.ред.В.Н.Старка
260 _aМ-Л
260 _bСельхозгиз
260 _c1951
300 _a324стр.21см.
653 _aВредители и болезни полезащитных лесных насаждении и меры борьбы с ними
942 _cBK
999 _c45850
_d45850